[Event "OPEN AUBAGNE CEA 24-25"]
[Site "10 AV Joseph Fallen 13400 AUBA"]
[Date "2025.01.11"]
[Round "6.1"]
[White "Vrillet, Loan"]
[Black "Madi, Walid"]
[Result "0-1"]
[WhiteElo "1756"]
[BlackElo "1789"]
[PlyCount "92"]
[EventDate "2024.??.??"]
[WhiteTeam "Cercle d'Echecs Aubagnais"]
[BlackTeam "Cercle d'Echecs Aubagnais"]

1. d4 Nf6 2. Nf3 g6 3. g3 c6 4. c4 Bg7 5. Bg2 d5 6. cxd5 cxd5 7. Nc3 Nc6 8. O-O
O-O 9. Re1 Bg4 10. Ne5 Bf5 11. Bg5 Be6 12. Nxc6 bxc6 13. Rc1 Rc8 14. Na4 Bf5
15. h3 h5 16. e3 Nh7 17. Bf4 Qa5 18. b3 Nf6 19. Rc5 Qa6 20. Bf1 Qb7 21. Rc1 Nd7
22. g4 hxg4 23. hxg4 Be6 24. f3 a5 25. Re2 Qb4 26. Rec2 c5 27. Nxc5 Nxc5 28.
Rxc5 Rxc5 29. Rxc5 Rc8 30. Rxc8+ Bxc8 31. Qc2 Be6 32. Bg3 Bh6 33. Bf2 Qd6 34.
Qc3 Bd7 35. Bg2 Qa3 36. Qc2 Qb4 37. Qc7 Be6 38. Bf1 Qd2 39. Qe5 Qxa2 40. g5 Bg7
41. Qb8+ Kh7 42. Qb5 Qa3 43. Be1 Qc1 44. Kf2 Qb2+ 45. Be2 Bxd4 46. exd4 Qxd4+ {
K} 0-1